00611nam a22001817a 450000500170000001000150001702000260003203500140005803700130007208200080008524500380009325000190013126000420015027001410019230000310033349000350036450000300039920190716130306.0 aENG-125946 a9789353431792c160.00 aEN-109478 bDBAD/PUB a510 aMathematics practice book class-9 aSecond edition aNoida bPearson India Educationc2019 a15th Floor, Tower-B, World Trade Tower, Plot No.I, Block-C, Sector 16bNoida, Uttar Pradesh e201301mcompanysecretary.india@pearson.com avarious paging.c25cm(pbk) aPearsons IIT foundation series aTrishna knowledge systems